000 00313nam a22001337a 4500
008 250312b |||||||| |||| 00| 0 eng d
020 _a9789354662560
040 _a02
100 _aAGARWAL,GAURAV
245 _aINTRODUCTION TO GENERAL PHARMACY
260 _aNEW DELHI
_bCBS
_c2023
300 _a372
942 _c01
999 _c65358
_d65358